| 000 | 00547nam a2200169Ia 4500 | ||
|---|---|---|---|
| 008 | 180921t2017 xxu||||| |||| 00| 0 sin d | ||
| 041 | _asin | ||
| 080 |
_a294.3 _bGNA |
||
| 100 | _aGnanananda Himi, Kiribathgoda | ||
| 245 | _aනුවණ වැඩෙන බෝසත් කථා - 5 : ජාතක පොත් වහන්සේ | ||
| 246 | _aNuwana Wedena Bosath Katha - 5 : Jathaka Poth Wahanse | ||
| 260 |
_bMahamegha _aPolgahawela _c2017 |
||
| 300 | _b66p, 21cm | ||
| 942 | _cBK | ||
| 999 |
_c1936 _d1936 |
||
| 003 | LK-CoDNM | ||
| 040 |
_aLK-CoDNM _dLK-CoDNM _eLK-CoDNM |
||